<?xml version="1.0" encoding="UTF-8"?>
<collection xmlns="http://www.loc.gov/MARC21/slim">
 <record>
  <leader>06302cam a2201033   4500</leader>
  <controlfield tag="001">226287653</controlfield>
  <controlfield tag="003">DE-627</controlfield>
  <controlfield tag="005">20240909113234.0</controlfield>
  <controlfield tag="007">tu</controlfield>
  <controlfield tag="008">970412s1997    xxk||||| c    00| ||eng c</controlfield>
  <datafield tag="016" ind1="7" ind2=" ">
   <subfield code="a">b9773093</subfield>
   <subfield code="2">UK</subfield>
  </datafield>
  <datafield tag="020" ind1=" " ind2=" ">
   <subfield code="a">0500237379</subfield>
   <subfield code="9">0-500-23737-9</subfield>
  </datafield>
  <datafield tag="035" ind1=" " ind2=" ">
   <subfield code="a">(DE-627)226287653</subfield>
  </datafield>
  <datafield tag="035" ind1=" " ind2=" ">
   <subfield code="a">(DE-576)059628480</subfield>
  </datafield>
  <datafield tag="035" ind1=" " ind2=" ">
   <subfield code="a">(DE-599)GBV226287653</subfield>
  </datafield>
  <datafield tag="035" ind1=" " ind2=" ">
   <subfield code="a">(OCoLC)845383776</subfield>
  </datafield>
  <datafield tag="035" ind1=" " ind2=" ">
   <subfield code="a">(OCoLC)312954978</subfield>
  </datafield>
  <datafield tag="035" ind1=" " ind2=" ">
   <subfield code="a">(OCoLC)845383776</subfield>
  </datafield>
  <datafield tag="035" ind1=" " ind2=" ">
   <subfield code="a">(OCoLC)612023698</subfield>
  </datafield>
  <datafield tag="035" ind1=" " ind2=" ">
   <subfield code="a">(AT-OBV)AC01115714</subfield>
  </datafield>
  <datafield tag="035" ind1=" " ind2=" ">
   <subfield code="a">(DE-604)8116787309</subfield>
  </datafield>
  <datafield tag="040" ind1=" " ind2=" ">
   <subfield code="a">DE-627</subfield>
   <subfield code="b">ger</subfield>
   <subfield code="c">DE-627</subfield>
   <subfield code="e">rakwb</subfield>
  </datafield>
  <datafield tag="041" ind1=" " ind2=" ">
   <subfield code="a">eng</subfield>
  </datafield>
  <datafield tag="044" ind1=" " ind2=" ">
   <subfield code="c">XA-GB</subfield>
   <subfield code="c">XD-US</subfield>
  </datafield>
  <datafield tag="050" ind1=" " ind2="0">
   <subfield code="a">DR</subfield>
  </datafield>
  <datafield tag="082" ind1="0" ind2=" ">
   <subfield code="a">709.43712</subfield>
  </datafield>
  <datafield tag="084" ind1=" " ind2=" ">
   <subfield code="a">9,10</subfield>
   <subfield code="2">ssgn</subfield>
  </datafield>
  <datafield tag="084" ind1=" " ind2=" ">
   <subfield code="a">LH 47260</subfield>
   <subfield code="2">rvk</subfield>
   <subfield code="0">(DE-625)rvk/93658:</subfield>
  </datafield>
  <datafield tag="084" ind1=" " ind2=" ">
   <subfield code="a">NN 3420</subfield>
   <subfield code="2">rvk</subfield>
   <subfield code="0">(DE-625)rvk/126813:</subfield>
  </datafield>
  <datafield tag="084" ind1=" " ind2=" ">
   <subfield code="a">LL 43857</subfield>
   <subfield code="2">rvk</subfield>
   <subfield code="0">(DE-625)rvk/99743:13308</subfield>
  </datafield>
  <datafield tag="084" ind1=" " ind2=" ">
   <subfield code="a">NR 8724</subfield>
   <subfield code="2">rvk</subfield>
   <subfield code="0">(DE-625)rvk/130132:</subfield>
  </datafield>
  <datafield tag="084" ind1=" " ind2=" ">
   <subfield code="a">20.70</subfield>
   <subfield code="2">bkl</subfield>
  </datafield>
  <datafield tag="084" ind1=" " ind2=" ">
   <subfield code="a">15.42</subfield>
   <subfield code="2">bkl</subfield>
  </datafield>
  <datafield tag="245" ind1="1" ind2="0">
   <subfield code="a">Rudolf II and Prague</subfield>
   <subfield code="b">the court and the city ; [on the occasion of the Exhibition &quot;Rudolf II and Prague: the Imperial Court and Residential City as the Cultural and Spiritual Heart of Central Europe&quot;, 30 May 1997 - 7 September 1997]</subfield>
   <subfield code="c">Prague Castle Administration. Ed. by Eliška Fučíková ...</subfield>
  </datafield>
  <datafield tag="250" ind1=" " ind2=" ">
   <subfield code="a">1. publ.</subfield>
  </datafield>
  <datafield tag="263" ind1=" " ind2=" ">
   <subfield code="a">: £48.00 : CIP entry (summer)</subfield>
  </datafield>
  <datafield tag="264" ind1=" " ind2="1">
   <subfield code="a">London [u.a.]</subfield>
   <subfield code="b">Thames and Hudson [u.a.]</subfield>
   <subfield code="c">1997</subfield>
  </datafield>
  <datafield tag="300" ind1=" " ind2=" ">
   <subfield code="a">IX, 792 S.</subfield>
   <subfield code="b">zahlr. Ill.</subfield>
   <subfield code="c">31 cm</subfield>
  </datafield>
  <datafield tag="336" ind1=" " ind2=" ">
   <subfield code="a">Text</subfield>
   <subfield code="b">txt</subfield>
   <subfield code="2">rdacontent</subfield>
  </datafield>
  <datafield tag="336" ind1=" " ind2=" ">
   <subfield code="a">unbewegtes Bild</subfield>
   <subfield code="b">sti</subfield>
   <subfield code="2">rdacontent</subfield>
  </datafield>
  <datafield tag="337" ind1=" " ind2=" ">
   <subfield code="a">ohne Hilfsmittel zu benutzen</subfield>
   <subfield code="b">n</subfield>
   <subfield code="2">rdamedia</subfield>
  </datafield>
  <datafield tag="338" ind1=" " ind2=" ">
   <subfield code="a">Band</subfield>
   <subfield code="b">nc</subfield>
   <subfield code="2">rdacarrier</subfield>
  </datafield>
  <datafield tag="500" ind1=" " ind2=" ">
   <subfield code="a">Literaturverz. S. 776 - 789</subfield>
  </datafield>
  <datafield tag="583" ind1="1" ind2=" ">
   <subfield code="a">Archivierung/Langzeitarchivierung gewährleistet</subfield>
   <subfield code="f">SSG</subfield>
   <subfield code="x">XA-DE-BW</subfield>
   <subfield code="2">pdager</subfield>
   <subfield code="5">DE-16</subfield>
  </datafield>
  <datafield tag="650" ind1=" " ind2="4">
   <subfield code="a">Rudolf</subfield>
   <subfield code="x">II</subfield>
   <subfield code="x">Holy Roman Emperor</subfield>
   <subfield code="x">1552-1612</subfield>
   <subfield code="x">Art collections</subfield>
   <subfield code="x">Exhibitions</subfield>
  </datafield>
  <datafield tag="650" ind1=" " ind2="4">
   <subfield code="a">Art, Czech</subfield>
   <subfield code="x">Austria</subfield>
   <subfield code="x">Exhibitions</subfield>
  </datafield>
  <datafield tag="650" ind1=" " ind2="4">
   <subfield code="a">Rudolph</subfield>
   <subfield code="x">II</subfield>
   <subfield code="x">Art collections</subfield>
  </datafield>
  <datafield tag="650" ind1=" " ind2="4">
   <subfield code="a">Art, Czech</subfield>
   <subfield code="x">Czech Republic</subfield>
   <subfield code="x">Prague</subfield>
  </datafield>
  <datafield tag="655" ind1=" " ind2="7">
   <subfield code="a">Ausstellungskatalog</subfield>
   <subfield code="0">(DE-588)4135467-9</subfield>
   <subfield code="0">(DE-627)10566491X</subfield>
   <subfield code="0">(DE-576)209660988</subfield>
   <subfield code="2">gnd-content</subfield>
  </datafield>
  <datafield tag="655" ind1=" " ind2="7">
   <subfield code="a">Konferenzschrift</subfield>
   <subfield code="y">1997</subfield>
   <subfield code="z">Prag</subfield>
   <subfield code="0">(DE-588)1071861417</subfield>
   <subfield code="0">(DE-627)826484824</subfield>
   <subfield code="0">(DE-576)433375485</subfield>
   <subfield code="2">gnd-content</subfield>
  </datafield>
  <datafield tag="689" ind1="0" ind2="0">
   <subfield code="d">g</subfield>
   <subfield code="0">(DE-588)4076310-9</subfield>
   <subfield code="0">(DE-627)106083252</subfield>
   <subfield code="0">(DE-576)209201436</subfield>
   <subfield code="a">Prag</subfield>
   <subfield code="2">gnd</subfield>
  </datafield>
  <datafield tag="689" ind1="0" ind2="1">
   <subfield code="a">g</subfield>
   <subfield code="2">gnd</subfield>
   <subfield code="a">Prag &lt;1997&gt;</subfield>
  </datafield>
  <datafield tag="689" ind1="0" ind2="2">
   <subfield code="d">p</subfield>
   <subfield code="0">(DE-588)118603701</subfield>
   <subfield code="0">(DE-627)079395104</subfield>
   <subfield code="0">(DE-576)16605318X</subfield>
   <subfield code="a">Rudolf</subfield>
   <subfield code="b">II.</subfield>
   <subfield code="c">Heiliges Römisches Reich, Kaiser</subfield>
   <subfield code="d">1552-1612</subfield>
   <subfield code="2">gnd</subfield>
  </datafield>
  <datafield tag="689" ind1="0" ind2="3">
   <subfield code="d">s</subfield>
   <subfield code="0">(DE-588)4114333-4</subfield>
   <subfield code="0">(DE-627)105822957</subfield>
   <subfield code="0">(DE-576)209483733</subfield>
   <subfield code="a">Kunst</subfield>
   <subfield code="2">gnd</subfield>
  </datafield>
  <datafield tag="689" ind1="0" ind2="4">
   <subfield code="d">s</subfield>
   <subfield code="0">(DE-588)4128844-0</subfield>
   <subfield code="0">(DE-627)105714259</subfield>
   <subfield code="0">(DE-576)209605545</subfield>
   <subfield code="a">Sammlung</subfield>
   <subfield code="2">gnd</subfield>
  </datafield>
  <datafield tag="689" ind1="0" ind2=" ">
   <subfield code="5">DE-101</subfield>
  </datafield>
  <datafield tag="689" ind1="1" ind2="0">
   <subfield code="d">s</subfield>
   <subfield code="0">(DE-588)4074442-5</subfield>
   <subfield code="0">(DE-627)106089617</subfield>
   <subfield code="0">(DE-576)209193867</subfield>
   <subfield code="a">Mäzenatentum</subfield>
   <subfield code="2">gnd</subfield>
  </datafield>
  <datafield tag="689" ind1="1" ind2=" ">
   <subfield code="5">(DE-627)</subfield>
  </datafield>
  <datafield tag="689" ind1="2" ind2="0">
   <subfield code="d">s</subfield>
   <subfield code="0">(DE-588)4025453-7</subfield>
   <subfield code="0">(DE-627)106293397</subfield>
   <subfield code="0">(DE-576)208960856</subfield>
   <subfield code="a">Hof</subfield>
   <subfield code="2">gnd</subfield>
  </datafield>
  <datafield tag="689" ind1="2" ind2=" ">
   <subfield code="5">(DE-627)</subfield>
  </datafield>
  <datafield tag="700" ind1="1" ind2=" ">
   <subfield code="a">Fučíková, Eliška</subfield>
   <subfield code="d">1940-</subfield>
   <subfield code="e">Hrsg.</subfield>
   <subfield code="0">(DE-588)128936312</subfield>
   <subfield code="0">(DE-627)385681445</subfield>
   <subfield code="0">(DE-576)165291982</subfield>
   <subfield code="4">edt</subfield>
  </datafield>
  <datafield tag="700" ind1="1" ind2=" ">
   <subfield code="a">Bradburne, James M.</subfield>
   <subfield code="d">1955-</subfield>
   <subfield code="e">HerausgeberIn</subfield>
   <subfield code="0">(DE-588)123436257</subfield>
   <subfield code="0">(DE-627)082554986</subfield>
   <subfield code="0">(DE-576)293708649</subfield>
   <subfield code="4">edt</subfield>
  </datafield>
  <datafield tag="700" ind1="1" ind2=" ">
   <subfield code="a">Konečný, Lumomír</subfield>
   <subfield code="e">HerausgeberIn</subfield>
   <subfield code="4">edt</subfield>
  </datafield>
  <datafield tag="700" ind1="1" ind2=" ">
   <subfield code="a">Hausenblasová, Jara</subfield>
   <subfield code="e">HerausgeberIn</subfield>
   <subfield code="4">edt</subfield>
  </datafield>
  <datafield tag="700" ind1="1" ind2=" ">
   <subfield code="a">Bukovinská, Beket</subfield>
   <subfield code="d">1943-</subfield>
   <subfield code="e">HerausgeberIn</subfield>
   <subfield code="0">(DE-588)133159906</subfield>
   <subfield code="0">(DE-627)537989358</subfield>
   <subfield code="0">(DE-576)167619543</subfield>
   <subfield code="4">edt</subfield>
  </datafield>
  <datafield tag="710" ind1="2" ind2=" ">
   <subfield code="a">Správa Pražského hradu</subfield>
   <subfield code="0">(DE-588)5206481-5</subfield>
   <subfield code="0">(DE-627)22786803X</subfield>
   <subfield code="0">(DE-576)196170427</subfield>
   <subfield code="4">oth</subfield>
  </datafield>
  <datafield tag="711" ind1="2" ind2=" ">
   <subfield code="a">Výstava Rudolf II. a Praha, Císařský Dvůr a Rezidenční Město jako Kulturní a Duchovní Centrum Střední Evropy</subfield>
   <subfield code="d">1997</subfield>
   <subfield code="c">Prag</subfield>
   <subfield code="0">(DE-588)5264222-7</subfield>
   <subfield code="0">(DE-627)238180794</subfield>
   <subfield code="0">(DE-576)196608783</subfield>
   <subfield code="4">oth</subfield>
  </datafield>
  <datafield tag="776" ind1="0" ind2="8">
   <subfield code="i">Tschech. Ausg. u.d.T.</subfield>
   <subfield code="t">Rudolf II a Praha</subfield>
   <subfield code="d">Praha : Správa Pražského Hradu, 19XX</subfield>
   <subfield code="h">522 S.</subfield>
   <subfield code="w">(DE-627)1142177548</subfield>
   <subfield code="w">(DE-576)072177543</subfield>
  </datafield>
  <datafield tag="776" ind1="0" ind2="8">
   <subfield code="i">Dt. Ausg. u.d.T.</subfield>
   <subfield code="t">Rudolf II. und Prag</subfield>
   <subfield code="d">Prag [u.a.] : Verwaltung der Prager Burg [u.a.], 1997</subfield>
   <subfield code="h">392 S</subfield>
   <subfield code="w">(DE-627)230781993</subfield>
   <subfield code="w">(DE-576)05984826X</subfield>
   <subfield code="z">8881182491</subfield>
  </datafield>
  <datafield tag="776" ind1="0" ind2="8">
   <subfield code="i">Kürzere engl. Ausg. u.d.T.</subfield>
   <subfield code="t">Rudolf II and Prague</subfield>
   <subfield code="b">English-language ed.</subfield>
   <subfield code="d">London : Thames &amp; Hudson, 1997</subfield>
   <subfield code="h">392 S.</subfield>
   <subfield code="w">(DE-627)1611867738</subfield>
   <subfield code="w">(DE-576)416976336</subfield>
   <subfield code="z">0500279861</subfield>
  </datafield>
  <datafield tag="787" ind1="0" ind2="8">
   <subfield code="i">Rezensiert in</subfield>
   <subfield code="a">Michalski, Sergiusz, 1951 - </subfield>
   <subfield code="t">Katalogpublikationen zur Prager Ausstellung &quot;Rudolf II. und Prag&quot;</subfield>
   <subfield code="d">1998</subfield>
   <subfield code="w">(DE-627)1862731055</subfield>
  </datafield>
  <datafield tag="856" ind1="4" ind2="2">
   <subfield code="u">https://swbplus.bsz-bw.de/bsz059628480inh.htm</subfield>
   <subfield code="m">B:DE-576;DE-16</subfield>
   <subfield code="q">application/pdf</subfield>
   <subfield code="v">20090820095527</subfield>
   <subfield code="x">Verlag</subfield>
   <subfield code="3">Inhaltsverzeichnis</subfield>
  </datafield>
  <datafield tag="935" ind1=" " ind2=" ">
   <subfield code="i">Blocktest</subfield>
  </datafield>
  <datafield tag="936" ind1="r" ind2="v">
   <subfield code="a">LH 47260</subfield>
   <subfield code="b">Prag</subfield>
   <subfield code="k">Kunstgeschichte</subfield>
   <subfield code="k">Allgemeines. Allgemeine Kunstgeschichte</subfield>
   <subfield code="k">Ausstellungswesen, Ausstellungskataloge</subfield>
   <subfield code="k">Ausstellungskataloge</subfield>
   <subfield code="k">Orte P</subfield>
   <subfield code="k">Prag</subfield>
   <subfield code="0">(DE-627)1270879448</subfield>
   <subfield code="0">(DE-625)rvk/93658:</subfield>
   <subfield code="0">(DE-576)200879448</subfield>
  </datafield>
  <datafield tag="936" ind1="r" ind2="v">
   <subfield code="a">NN 3420</subfield>
   <subfield code="b">Rudolf II. (1576 - 1612)</subfield>
   <subfield code="k">Geschichte</subfield>
   <subfield code="k">Neuere Geschichte</subfield>
   <subfield code="k">Zeitalter der Gegenreformation und des Dreißigjährigen Krieges (1555 - 1648)</subfield>
   <subfield code="k">Geschichte der Gegenreformation (1555 - 1648)</subfield>
   <subfield code="k">Geschichte des Reichs (1555 - 1618)</subfield>
   <subfield code="k">Kaiser</subfield>
   <subfield code="k">Rudolf II. (1576 - 1612)</subfield>
   <subfield code="0">(DE-627)1271465981</subfield>
   <subfield code="0">(DE-625)rvk/126813:</subfield>
   <subfield code="0">(DE-576)201465981</subfield>
  </datafield>
  <datafield tag="936" ind1="r" ind2="v">
   <subfield code="a">LL 43857</subfield>
   <subfield code="b">Kunstgeschichte allgemein</subfield>
   <subfield code="k">Kunstgeschichte</subfield>
   <subfield code="k">Kunst nach Ländern bzw. Kontinenten</subfield>
   <subfield code="k">Tschechische Republik und Slowakei</subfield>
   <subfield code="k">Kunsttopografie von Tschechischer Republik und Slowakei</subfield>
   <subfield code="k">Alphabetische Liste der tschechischen und slowakischen Orte</subfield>
   <subfield code="k">Orte P</subfield>
   <subfield code="k">Prag</subfield>
   <subfield code="k">Kunstgeschichte</subfield>
   <subfield code="k">Kunstgeschichte allgemein</subfield>
   <subfield code="0">(DE-627)1270765663</subfield>
   <subfield code="0">(DE-625)rvk/99743:13308</subfield>
   <subfield code="0">(DE-576)200765663</subfield>
  </datafield>
  <datafield tag="936" ind1="r" ind2="v">
   <subfield code="a">NR 8724</subfield>
   <subfield code="b">Prag</subfield>
   <subfield code="k">Geschichte</subfield>
   <subfield code="k">Landes- und Stadtgeschichte (Allgemeine, Deutsche und Österreichische Landes- und Stadtgeschichte, Ausländische Stadtgeschichte, Geschichte der Auslanddeutschen)</subfield>
   <subfield code="k">Geschichte ausländischer Städte</subfield>
   <subfield code="k">Europäische Städte</subfield>
   <subfield code="k">Städte P</subfield>
   <subfield code="k">Prag</subfield>
   <subfield code="0">(DE-627)1271506947</subfield>
   <subfield code="0">(DE-625)rvk/130132:</subfield>
   <subfield code="0">(DE-576)201506947</subfield>
  </datafield>
  <datafield tag="936" ind1="b" ind2="k">
   <subfield code="a">20.70</subfield>
   <subfield code="j">Europäische Kunst: Allgemeines</subfield>
   <subfield code="0">(DE-627)106406566</subfield>
  </datafield>
  <datafield tag="936" ind1="b" ind2="k">
   <subfield code="a">15.42</subfield>
   <subfield code="j">Deutsche Geschichte 1500-1800</subfield>
   <subfield code="0">(DE-627)181569736</subfield>
  </datafield>
  <datafield tag="951" ind1=" " ind2=" ">
   <subfield code="a">BO</subfield>
  </datafield>
  <datafield tag="990" ind1=" " ind2=" ">
   <subfield code="a">Prag</subfield>
  </datafield>
  <datafield tag="990" ind1=" " ind2=" ">
   <subfield code="a">Prag &lt;1997&gt;</subfield>
  </datafield>
  <datafield tag="990" ind1=" " ind2=" ">
   <subfield code="a">Rudolf &lt;II., Heiliges Römisches Reich, Kaiser&gt; </subfield>
  </datafield>
  <datafield tag="990" ind1=" " ind2=" ">
   <subfield code="a">Kunst</subfield>
  </datafield>
  <datafield tag="990" ind1=" " ind2=" ">
   <subfield code="a">Sammlung</subfield>
  </datafield>
  <datafield tag="990" ind1=" " ind2=" ">
   <subfield code="a">Mäzenatentum</subfield>
  </datafield>
  <datafield tag="990" ind1=" " ind2=" ">
   <subfield code="a">Hof</subfield>
  </datafield>
  <datafield tag="991" ind1=" " ind2=" ">
   <subfield code="a">Rezensiertes Werk</subfield>
  </datafield>
  <datafield tag="999" ind1=" " ind2=" ">
   <subfield code="a">KXP-PPN226287653</subfield>
   <subfield code="e">402093603X</subfield>
  </datafield>
 </record>
</collection>
